00250nam a2200109Ia 4500008004100000100002700041245002500068260001500093300001000108942000700118999001500125190216s9999||||xx |||||||||||||| ||und|| aHrishikesh Chakraborty 0aAdvanced Accountancy bNullc1978 a1601p cBK c4330d4330